00776 am a2200193 a 450000500170000000800410001702000150005804100080007310000260008124501140010725000110022126000500023230000220028250001900030465300160049465300210051065300190053170000320055020240520122013.0100407s2006||||ag a f |||| 000 0 spa d a9872309221 aspa1 aRodríguez, Diana C. aBebés Prematuros.bSus días en neonatología. Llegada a la casa. El seguimiento / cDiana C. Rodríguez a1a ed. aBuenos Aires: bdelhospital ediciones;c2006. a123 p.c19x15 cm. aRodríguez, D. C. y Ceriani Cernadas, J. M. (2006). Bebés Prematuros. Sus días en neonatología. Llegada a la casa. El seguimiento. (1a ed.). Buenos Aires : delhospital ediciones. aPediatría aBebes prematuros aNeonatología1 aCeriani Cernadas, José M.